Statistiche per Film “Così è la vita” (1998) - personaggi

Clicka qui per fare il quiz!

Statistiche generali

  • Questo quiz è stato fatto 10 volte
  • Il punteggio medio è 9 su 15

Statistiche sulle risposte

SessoPersonaggio% Corretto
UomoAl
100%
UomoGiacomo Poretti
100%
UomoGiovanni Storti
100%
UomoAldo Baglio / Bancomat
89%
Uomoagente Catania
67%
UomoJack
67%
UomoJohn
67%
UomoCrapanzano
56%
Donnamoglie di Giovanni
56%
Donnasorella di Giacomo
56%
DonnaClara
44%
Uomocognato di Giacomo
33%
Uomonipote di Giacomo
33%
Uomocommissario di polizia
11%
UomoGaber
0%

Distribuzione punteggi

Percentile per numero di risposta

Percentuale di utenti per punteggio

I tuoi punteggi nel tempo

Non hai fatto questo quiz